La sécurité dans la fabrication et l'utilisation du celluloïd / (Record no. 140072)

MARC details
000 -LEADER
campo de control de longitud fija 00755nam a2200193 4500
001 - NÚMERO DE CONTROL
campo de control 140072
003 - IDENTIFICADOR DE NÚMERO DE CONTROL
campo de control ES-MaACL
005 - FECHA Y HORA DE LA ÚLTIMA TRANSACCIÓN
campo de control 20250826083351.0
007 - CAMPO FIJO DE DESCRIPCIÓN FÍSICA--INFORMACIÓN GENERAL
campo de control de longitud fija t|
008 - DATOS DE LONGITUD FIJA--INFORMACIÓN GENERAL
campo de control de longitud fija 070214s1933 sz r ||||1| fre d
110 1# - ENTRADA PRINCIPAL--NOMBRE DE ENTIDAD CORPORATIVA
Nombre de entidad corporativa o nombre de jurisdicción como elemento de entrada Oficina Internacional del Trabajo
9 (RLIN) 6023
245 13 - MENCIÓN DEL TÍTULO
Título La sécurité dans la fabrication et l'utilisation du celluloïd /
Mención de responsabilidad, etc. Bureau international du travail.
260 ## - PUBLICACIÓN, DISTRIBUCIÓN, ETC.
Lugar de publicación, distribución, etc. Genève :
Nombre del editor, distribuidor, etc. B. I. T.,
Fecha de publicación, distribución, etc. 1933.
300 ## - DESCRIPCIÓN FÍSICA
Extensión 183 p. ;
Dimensiones 24 cm.
490 1# - MENCIÓN DE SERIE
Mención de serie Etudes et documents (Bureau international du travail). Série F bis . Sécurité industrielle ;
Designación de volumen o secuencia 6
830 0# - PUNTO DE ACCESO ADICIONAL DE SERIE-TÍTULO UNIFORME
Título uniforme Etudes et documents (Bureau international du travail). Série F bis . Sécurité industrielle ;
Designación de volumen o secuencia 6
9 (RLIN) 187166
852 ## - LOCALIZACIÓN
Ubicación ES-MaACL
Número de control de estantería A-1977
Holdings
Estatus retirado Estado de pérdida Estado de daño No para préstamo Biblioteca de origen Biblioteca actual Ubicación en estantería Fecha de adquisición Fuente de adquisición Total de préstamos Signatura topográfica completa Código de barras Visto por última vez Precio de reemplazo Tipo de ítem Koha
        Biblioteca del Ateneo de Madrid Biblioteca del Ateneo de Madrid Sala Pecera Planta 1 17/01/2008     A-1977 1145764 23/02/2023 23/02/2023 Libro impreso